00939 2200205 4500001002100000005001500021035002000036008004100056245004000097100001800137250000600155260003800161300001200199084001400211082000800225650001000233520046600243990001200709990001200721INLIS00000000000096320240530103857 a0010-0524000198240530 1 ind 1 aCoffee House No. 53 /cElmira Arasy aArasy, Elmira a1 aYogyakarta :bSheila/ Andi,c2019 a218 hlm a813 ELM c a813 4aFiksi aHari berganti hari, tahun berganti tahun. Issabel kecil sudah menjadi wanita dewasa yang berparas ayu. Badai hidup pun sudah berlalu. Kini, sang ayah sudah menjadi pebisnis sukses Coffee House dan Issabel menjadi penulis serta desainer muda yang sukses. Kehidupan berjalan dengan tenang dan damai, tak ada badai yang menderu hingga suatu hari datanglah seorang pemuda ke tengah-tengah kehidupan mereka. Seorang pemuda yang akan mengubah hidup Issabel selamanya. a0741680 a0741681